00714nam a2200193Ia 4500008004100000020001800041050002100059082002300080100002600103245007900129250001200208260002300220300001000243440004400253650008500297942001200382952010900394999001700503120905s9999 xx 000 0 und d a968-24-3693-1 aLB 1731 H54 1990 a371.3078 H54m 1990 aHeredia Acona, Bertha aManual para la elaboración de material didactico / Bertha Heredia Ancona a2a. ed. aMéxico : Trillas a176p. a(Biblioteca de Sistemática Educativa) a1. Educación 2. Materiales didacticos 3. Educación estudio y enseñanzaÌ cLB2ddc 00104070a13b13d2010-06-23l3oLB1731 H54 1990p13 001577r2015-09-03s2015-09-02t1w2012-09-05yLB c84157d84157